000 00320 a2200133 4500
005 20260318153348.0
020 _a9789383101399
084 _2CC
_a G91
100 _aNEELAM TYAGI
_99957
245 _aHandbook of general microbiology
260 _bAgrotech press,
_c2025,
_aNew Delhi
300 _a254p.
942 _cBK
_2CC
999 _c756183
_d756183